| 000 | 01201nam a2200349 i 4500 | ||
|---|---|---|---|
| 001 | 14170 | ||
| 003 | KOSZ 005 | ||
| 005 | 20190830133915.0 | ||
| 008 | 071028s1971 pl a f 000 0 pol | ||
| 015 | _aPB 1971/7602 | ||
| 040 |
_aWA N _cWA N _dKOSZ 005/RW |
||
| 080 | _a621.31 | ||
| 080 | _a658.2 | ||
| 100 | 1 |
_aGosztowt, Wacław _d(1921-1972). _eAutor |
|
| 245 | 1 | 0 |
_aGospodarka elektroenergetyczna w przemyśle / _cWacław Gosztowt. |
| 260 |
_aWarszawa : _bWydawnictwa Naukowo-Techniczne, _c1971. |
||
| 300 |
_a311, [1] stron : _bilustracje ; _c24 cm. |
||
| 336 |
_aTekst _btxt _2rdacontent |
||
| 337 |
_aBez urządzenia pośredniczącego _bn _2rdamedia |
||
| 338 |
_aWolumin _bnc _2rdacarrier |
||
| 380 | _aKsiążki. | ||
| 504 | _aBibliografia na stronach 310-[312]. | ||
| 658 | _aInżynieria i technika | ||
| 658 | _aGospodarka, ekonomia, finanse | ||
| 650 | 4 | _aPrzemysł | |
| 650 | 4 | _aGospodarka | |
| 650 | 4 | _aElektroenergetyka | |
| 650 | 4 | _aEnergetyka | |
| 710 | 2 |
_aWydawnictwa Naukowo-Techniczne _4pbl. |
|
| 856 |
_uhttp://koha.tu.koszalin.pl/cgi-bin/koha/opac-detail.pl?biblionumber=14170 _yKatalog online BPK |
||
| 942 |
_2UKD _cKS |
||
| 999 |
_c14170 _d14170 |
||